Statystyki dla Odgadnij co to za zwierzę?

Kliknij tutaj aby rozwiązać quiz!

Ogólne statystyki

  • Ten quiz został rozwiązany 30 razy
  • Średni wynik to 10 z 12

Statystyki odpowiedzi

Odpowiedź% Poprawnych
lew
100%
tygrys
100%
żyrafa
100%
hipopotam
93%
kangur
93%
nosorożec
93%
słoń
93%
osioł
86%
szympans
82%
emu
68%
antylopa
54%
struś afrykański
11%

Rozkład punktacji

Percentyl według liczby udzielonych odpowiedzi

Procent ludzi z każdym wynikiem

Twoja historia wyników

Nie rozwiązałeś tego quizu